Alle Monopoly-Straßen - Statistiken

Allgemein
  • Dieses Quiz wurde 402 mal gespielt
    369 seit der letzten Aktualisierung
  • Das Durchschnittsergebnis liegt bei 17 aus 28
Antwortstatistiken
Straße % Korrekt
Schlossallee
89%
Badstraße
81%
Parkstraße
79%
Westbahnhof
74%
Nordbahnhof
73%
Turmstraße
73%
Südbahnhof
72%
Schillerstraße
69%
Berliner Straße
67%
Goethestraße
67%
Hauptbahnhof
66%
Lessingstraße
65%
Opernplatz
64%
Wasserwerk
59%
Elektrizitätswerk
58%
Wiener Straße
57%
Chausseestraße
55%
Münchner Straße
53%
Theaterstraße
51%
Elisenstraße
50%
Bahnhofstraße
48%
Neue Straße
48%
Poststraße
47%
Rathausplatz
47%
Seestraße
46%
Museumsstraße
42%
Hauptstraße
41%
Hafenstraße
35%
Keine übereinstimmenden Quizze gefunden
Verteilung der Resultate
Anzahl Personen mit jedem Resultat
Perzentil nach korrekt beantworteten Fragen
Ihre Resultats-Entwicklung
Sie haben dieses Quiz seit der letzten Aktualisierung nicht gespielt